Les problemes du travail en Grece : Rapport de la mission du Bureau international du Travail en Grece : Octobre - Novembre 1947

Αποθηκεύτηκε σε:
Λεπτομέρειες βιβλιογραφικής εγγραφής
Συγγραφή απο Οργανισμό/Αρχή: Bureau International du Travail
Μορφή: Βιβλίο
Γλώσσα:French
Δημοσίευση: Geneve : Bureau International du Travail, 1949
Θέματα:
Ετικέτες: Προσθήκη ετικέτας
Δεν υπάρχουν, Καταχωρήστε ετικέτα πρώτοι!

MARC

LEADER 00000cam a2200000 i 4500
001 1/8677
008 000710s1949 fre d
035 |l 10062770 
040 |a GR-MY-UA  |b gre  |e aacr 
041 0 |a fre 
082 0 |a 306.36495 
110 2 |a Bureau International du Travail. 
245 1 4 |a Les problemes du travail en Grece :  |b Rapport de la mission du Bureau international du Travail en Grece : Octobre - Novembre 1947 
260 |a Geneve :   |b Bureau International du Travail,   |c 1949 
300 |a 390 σ. 
650 0 0 |a Labor laws and legislation  |z Greece. 
650 0 0 |a Working class  |z Greece. 
650 0 0 |a Labor unions  |z Greece. 
852 |a INST  |b LESVOS  |e 20000710  |h 306.36495 BUR  |p 005100023572  |q 005100023572  |t BK  |y 0 
901 |a BIBL1-2000-2 
909 |a Λ  |b 043863 
970 |z 2000/07/ΓΕΩΡΓΙΑ